[Event "DSJ Weihnachtsturnier U20 2020"]
[Site "https://play.chessbase.com/en/play?room=DSJWeihnachtU20"]
[Date "2020.12.29"]
[Round "1"]
[White "Mudan, Gaurav Singh"]
[Black "Piehler, Sebastian"]
[Result "0-1"]
[Termination "normal"]
[Board "21.4"]
[WhiteElo "883"]
[BlackElo "1603"]
[WhiteTeam "SGem Aschheim/Feldkirchen/Kirchheim 2"]
[BlackTeam "SK Kelheim 1920"]
[PlyCount "56"]
[WhiteFideId "34634606"]
[BlackFideId "16222032"]
[EventRounds "7"]
[EventType "team-swiss"]
[EventDate "2020.12.29"]

1. e4 {[%emt 0:00:05]} c5 {[%emt 0:00:12]} 2. Nf3 {[%emt 0:00:07]} e6 {[%emt
0:00:02]} 3. Bc4 {[%emt 0:00:06]} a6 {[%emt 0:00:06]} 4. Nc3 {[%emt 0:00:08]}
b5 {[%emt 0:00:04]} 5. Be2 {[%emt 0:00:13]} Bb7 {[%emt 0:00:05]} 6. b3 {[%emt
0:00:11]} Nc6 {[%emt 0:00:07]} 7. a3 {[%emt 0:00:09]} Nge7 {[%emt 0:00:06]} 8.
O-O {[%emt 0:00:02]} Ng6 {[%emt 0:00:04]} 9. b4 {[%emt 0:00:08]} cxb4 {[%emt
0:00:03]} 10. axb4 {[%emt 0:00:02]} Bxb4 {[%emt 0:00:03]} 11. Bb2 {[%emt
0:00:12] } O-O {[%emt 0:00:05]} 12. Re1 {[%emt 0:00:20]} Qc7 {[%emt 0:00:21]}
13. Na2 { [%emt 0:00:36]} Bd6 {[%emt 0:00:35]} 14. g3 {[%emt 0:00:04]} Nge5
{[%emt 0:00:04]} 15. Nxe5 {[%emt 0:00:04]} Nxe5 {[%emt 0:00:02]} 16. Bxe5
{[%emt 0:00:06]} Bxe5 {[%emt 0:00:02]} 17. d4 {[%emt 0:00:02]} Bf6 {[%emt
0:00:12]} 18. e5 { [%emt 0:00:02]} Be7 {[%emt 0:00:01]} 19. Bf3 {[%emt
0:00:24]} Rfc8 {[%emt 0:00:09]} 20. Bxb7 {[%emt 0:00:14]} Qxb7 {[%emt 0:00:01]}
21. Qd3 {[%emt 0:00:21]} Rc7 {[%emt 0:00:28]} 22. Nc3 {[%emt 0:00:26]} Bb4
{[%emt 0:00:14]} 23. Re4 { [%emt 0:00:16]} Rxc3 {[%emt 0:00:09]} 24. Qe2 {[%emt
0:00:20]} Rac8 {[%emt 0:00:11]} 25. Qh5 {[%emt 0:01:29]} Qxe4 {[%emt 0:00:06]}
26. Rb1 {[%emt 0:00:13]} Rxc2 {[%emt 0:00:05]} 27. Rxb4 {[%emt 0:00:02]} Rc1+
{[%emt 0:00:02]} 28. Qd1 { [%emt 0:00:05]} Rxd1# {[%emt 0:00:02]} 0-1